Manchester United all-time top scorers - Statistics

General Stats
  • This quiz has been taken 55 times
  • The average score is 7 of 10
Answer Stats
Goals Nationality Player % Correct
145 Portugal Cristiano Ronaldo
98%
253 England Wayne Rooney
98%
150 Netherlands Ruud van Nistelrooy
90%
167 Wales Ryan Giggs
88%
158 Northern Ireland George Best
84%
233 England Sir Bobby Charlton
80%
155 England Paul Scholes
73%
211 Scotland Denis Law
61%
151 Wales Mark Hughes
45%
136 Scotland David Herd
4%
No matching quizzes found
Score Distribution
Percent of People with Each Score
Percentile by Number Answered
Your Score History
You have not taken this quiz